伊予〇〇駅 - Statistics

General Stats
  • This quiz has been taken 21 times
  • The average score is 4 of 11
Answer Stats
Answer % Correct
伊予三島
79%
伊予北条
74%
伊予長浜
42%
伊予横田
37%
伊予氷見
32%
伊予宮野下
32%
伊予吉田
32%
伊予中山
26%
伊予平野
26%
伊予和気
26%
伊予三芳
21%
No matching quizzes found
Score Distribution
Percent of People with Each Score
Percentile by Number Answered
Your Score History
You have not taken this quiz